AN INTRODUCTION TO ORTHODONTICS (Record no. 4232)

MARC details
000 -LEADER
fixed length control field 00369nam a2200145Ia 4500
008 - FIXED-LENGTH DATA ELEMENTS--GENERAL INFORMATION
fixed length control field 150201s2007 xx 000 0 und d
082 ## - DEWEY DECIMAL CLASSIFICATION NUMBER
Classification number 617.643
Item number A2007L
100 ## - MAIN ENTRY--PERSONAL NAME
Personal name MITCHELL,
245 ## - TITLE STATEMENT
Title AN INTRODUCTION TO ORTHODONTICS
250 ## - EDITION STATEMENT
Edition statement 1ST
260 ## - PUBLICATION, DISTRIBUTION, ETC. (IMPRINT)
Name of publisher, distributor, etc. OXFORD UNIVERSITY PRESS
Place of publication, distribution, etc. OXFORD(LONDON)
Date of publication, distribution, etc. 2007
300 ## - PHYSICAL DESCRIPTION
Extent 1-270
650 ## - SUBJECT ADDED ENTRY--TOPICAL TERM
Topical term or geographic name as entry element ORTHODONTICS
942 ## - ADDED ENTRY ELEMENTS (KOHA)
Source of classification or shelving scheme Dewey Decimal Classification
Koha item type Books
Holdings
Withdrawn status Lost status Source of classification or shelving scheme Damaged status Not for loan Home library Current library Date acquired Source of acquisition Cost, normal purchase price Serial Enumeration / chronology SGTU Bill Number Total Checkouts Full call number Barcode Date last seen Bill Date Koha item type
    Dewey Decimal Classification     SGT Dental Library SGT Dental Library 23/04/2009 U.B.S.DELHI 895.00 1 SGTU 683   617.643 A2007L FD5724 09/02/2015 16/02/2013 Books
    Dewey Decimal Classification     SGT Dental Library SGT Dental Library 23/04/2009 U.B.S.DELHI 895.00 1 SGTU 683   617.643 A2007L FD5725 09/02/2015 16/02/2013 Books